| Tag |
First Indicator |
Second Indicator |
Subfields |
| LEADER |
00000cam a22000001 4500 |
| 001 |
in00000043072 |
| 005 |
20151007070832.0 |
| 008 |
711216s1965 njuac b 00010 eng |
| 010 |
|
|
|a 65018387
|
| 035 |
|
|
|a (OCoLC)00536600
|
| 035 |
|
|
|9 AAE4813AM
|
| 040 |
|
|
|a DLC
|c DLC
|d TXA
|d UtOrBLW
|
| 049 |
|
|
|a TXAM
|c [457627]
|
| 050 |
0 |
0 |
|a QC451
|b .K58
|
| 082 |
0 |
|
|a 539.1
|
| 092 |
|
|
|a 539.1
|b K61i, 1965
|
| 100 |
1 |
|
|a Kiser, Robert Wayne,
|d 1932-
|
| 245 |
1 |
0 |
|a Introduction to mass spectrometry and its applications /
|c [by] Robert W. Kiser.
|
| 264 |
|
1 |
|a Englewood Cliffs, N.J. :
|b Prentice-Hall,
|c [1965]
|
| 264 |
|
4 |
|c [©1965]
|
| 300 |
|
|
|a xii, 356 pages :
|b illustrations, portraits ;
|c 24 cm.
|
| 336 |
|
|
|a text
|b txt
|2 rdacontent
|
| 337 |
|
|
|a unmediated
|b n
|2 rdamedia
|
| 338 |
|
|
|a volume
|b nc
|2 rdacarrier
|
| 490 |
1 |
|
|a Prentice-Hall international series in chemistry
|
| 504 |
|
|
|a Includes bibliographical references.
|
| 650 |
|
0 |
|a Mass spectrometry.
|
| 830 |
|
0 |
|a Prentice-Hall international series in chemistry.
|
| 999 |
|
|
|a MARS
|
| 999 |
f |
f |
|s e9a7675f-d06c-3667-afeb-6c26a580faab
|i 41e655b9-38a1-3356-8f23-2bcf7f3f4735
|t 0
|
| 952 |
f |
f |
|p ric
|a Texas A&M University
|b Rellis Campus
|c Joint Library Facility
|s JLF
|d Remote Storage
|t 0
|e QC451 .K58
|h Library of Congress classification
|i unmediated -- volume
|m A14821286723
|
| 998 |
f |
f |
|a QC451 .K58
|t 0
|l Remote Storage
|